000 00427nam a22001337a 4500
003 OSt
005 20171010095513.0
008 110714t xxu||||| |||| 00| 0 eng d
040 _aMMSU
_cULS
100 _aFlores, Prudencio A.
_92217
245 _aThe Extent of adoption of the agroforestry farming systems and the levels of productivity and income of the upland farmers
_cPrudencio A/ Flores
260 _c1993
942 _2ddc
_cTHEDIS
999 _c9714
_d9714